Language Quiz

Random Language or French Quiz
Score 0/20 Timer 15:00
0 Plays Today
Hint Answer % Correct
casser (je)je casse
100%
bavarder (nous)nous bavardons
96.9%
chercher (ils)ils cherchent
88.8%
exprimer (elle)elle exprime
88.8%
travailler (tu)tu travailles
87.8%
grandir (vous)vous grandissez
87.8%
remplir (nous)nous remplissons
85.7%
répondre (il)il répond
80.6%
réussir (elles)elles réussissent
76.5%
rendre (tu)tu rends
75.5%
Hint Answer % Correct
accomplir (vous)vous accomplissez
74.5%
descendre (nous)nous descendons
74.5%
attendre (je)j'attends
73.5%
vendre (il)il vend
72.4%
sembler (il)il semble
71.4%
investir (ils)ils investissent
70.4%
commencer (je)je commence
70.4%
demander (vous)vous demandez
70.4%
grossir (ils)ils grossissent
68.4%
blanchir (je)je blanchis
67.3%

You're not logged in!

Compare scores with friends on all Sporcle quizzes.
OR
Log In

Sporcle TV

Today on Sporcle TV


Watch our educational content, quiz creation guides, and fun videos on Sporcle TV.

Show Comments

Extras

Top Quizzes Today


Score Distribution

Paid Content

Your Account Isn't Verified!

In order to create a playlist on Sporcle, you need to verify the email address you used during registration. Go to your Sporcle Settings to finish the process.

Report this User

Report this user for behavior that violates our Community Guidelines.

Details: